Normal view
MARC view
- Heyerdahl, Thor,
Entry Nombre Personal
001 - NUMERO DE CONTROL
- campo de control: 30562
003 - IDENTIFICADOR DE NUMERO DE CONTROL
- campo de control: UPN
005 - FECHA Y HORA DE LA ÜLTIMA TRANSACCIÓN
- campo de control: 20210927110347.0
008 - DATOS DE LONGITUD FIJA
- campo de control de longitud fija: 210908ng acannaaan b aaa d
035 ## - NUMERO DE CONTROL
- Número de control: UPN11000002668
040 ## - FUENTE DE CATALOGACIÓN
- Lenguaje de catalogación: SPA
- Agencia de transcripción: UPN
- Agencia original de catalogación: UPN
053 #4 - NÚMERO DE CLASIFICACIÓN LC
- Número de clasificación elemento-número único o número inicial de tramo: G530 H4.7
100 1# - ENCABEZAMIENTO - NOMBRE PERSONAL
- Nombre personal: Heyerdahl, Thor,
- Fechas asociadas con el nombre: 1914-2002
670 ## - FUENTE EN LA QUE SE LOCALIZARON DATOS
- Cita de la fuente: Wikipedia
680 ## - NOTA PUBLICA DE ACCESO PÚBLICO
- Encabezamiento o subdivisión: Explorador y etnógrafo noruego
902 ## - CATALOGADOR
- Catalogador: CAA/191110
